Multinationals as Part of Globalisation

Charakteristika nadnárodnej spoločnosti. Finančná politika viacnárodných holdingov. Interné vzťahy, toky a transfery vo nadnárodných podnikoch. Cenová regulácia v holdingových zoskupeniach. Vplyv nadnárodných podnikov na podnikateľské prostredie.

Gespeichert in:
Bibliographische Detailangaben
1. Verfasser: Harumová, Anna, 1955-
Format: Buchkapitel
Sprache:Englisch
Schlagworte:
Tags: Tag hinzufügen
Keine Tags, Fügen Sie das erste Tag hinzu!

MARC

LEADER 00000naa$a2200000$$$4500
001 0212139
005 20240502073534.0
041 0 |a eng 
044 |a SK 
245 1 0 |a Multinationals as Part of Globalisation  |c Anna Harumová 
520 |a Charakteristika nadnárodnej spoločnosti. Finančná politika viacnárodných holdingov. Interné vzťahy, toky a transfery vo nadnárodných podnikoch. Cenová regulácia v holdingových zoskupeniach. Vplyv nadnárodných podnikov na podnikateľské prostredie. 
610 2 0 |a spoločnosti nadnárodné 
610 2 0 |a korporácie transnacionálne 
610 2 0 |a politika finančná 
610 2 0 |a globalizácia 
100 1 |a Harumová, Anna, 1955-